| 000 | 00433nam a22001097a 4500 | ||
|---|---|---|---|
| 008 | 110624t xxu||||| |||| 00| 0 eng d | ||
| 010 | _aHCAACF133 | ||
| 245 | _aHigh Court Administration CAause No. MG. 53 OF 1989 Oryem K. Watmon Vs Keri Oryem Lubel | ||
| 260 | _c1989 | ||
| 500 | _aBefore: THE HONOURABLE MR. JUSTICE G.M. OKELLO | ||
| 999 |
_c3974 _d3974 |
||